Song Lyrics - TV Off - Kendrick Lamar - Statistics

General Stats
  • This quiz has been taken 94 times
  • The average score is 283 of 469
Answer Stats
Answer % Correct
I
93%
i
93%
a
92%
the
92%
no
90%
G
87%
it
87%
not
87%
enough
85%
I'ts
83%
it's
83%
It's
83%
they
82%
They
82%
what
82%
do
80%
turn
80%
TV
80%
black
78%
Fuck
78%
off
78%
All
77%
all
77%
but
77%
Grand
77%
National
77%
was
77%
being
75%
'em
75%
for
75%
give
75%
Mustard
75%
on
75%
rational
75%
This
75%
this
75%
ask
73%
ever
73%
Few
73%
left
73%
somebody
73%
wanted
73%
get
70%
Got
70%
solid
70%
you
70%
bitch
68%
Bitch
68%
gotta
68%
in
67%
my
67%
that
65%
we
65%
ass
63%
yeah
63%
big
62%
bitches
62%
Say
62%
say
62%
bigger
60%
Then
60%
he
58%
than
58%
them
58%
and
57%
make
57%
myself
57%
really
57%
step
55%
watch
55%
is
53%
mad
53%
up
53%
act
52%
don't
48%
Don't
48%
I'll
48%
like
48%
out
48%
that'll
47%
to
47%
Who
45%
me
43%
outside
43%
take
43%
Take
43%
your
43%
home
42%
baby
40%
how
40%
omega
40%
song
40%
alpha
38%
music
38%
that's
38%
if
37%
If
37%
pass
37%
with
37%
feel
35%
involved
35%
shit
35%
survived
35%
welcome
35%
Ain't
33%
ain't
33%
Huh
33%
huh
33%
man
33%
see
33%
bad
32%
can
32%
foot
32%
gas
32%
Hey
32%
these
32%
I'm
30%
what's
30%
revelation
28%
she
28%
weird
28%
acting
27%
back
27%
been
27%
broke
27%
chili
27%
did
27%
hoes
27%
life
27%
put
27%
understand
27%
bill
25%
from
25%
hate
25%
just
25%
or
25%
Pay
25%
activities
23%
both
23%
cause
23%
come
23%
cut
23%
dog
23%
hands
23%
hating
23%
kid
23%
know
23%
mouth
23%
plan
23%
since
23%
granny
22%
ideas
22%
many
22%
need
22%
trip
22%
Couple
20%
knew
20%
protected
20%
revolution
20%
televised
20%
though
20%
type
20%
coming
18%
correction
18%
entitled
18%
moon
18%
send
18%
Send
18%
young
18%
fell
17%
him
15%
lack
15%
realy
15%
sergeants
15%
something
15%
Teach
15%
through
15%
yelling
15%
meant
13%
risk
13%
tripping
13%
knick-knacks
12%
should
10%
No matching quizzes found
Score Distribution
Percent of People with Each Score
Percentile by Number Answered
Your Score History
You have not taken this quiz